000 00427nam a2200169Ia 4500
008 230711s9999||||xx |||||||||||||| ||und||
020 _a978-93-272-2278-4
041 _aENG
082 _a658
_bGU-C
100 _aGupta,CS.Priyanka
245 0 _aCorporate legal environment
250 _a4th Ed.
260 _c2013
_aNew Delhi
_bKalyani Publishers House
300 _a854
650 _aUNIVESITY BUSNIESS SCHOOL
942 _cBK
999 _c5564
_d5564